000 00347 a2200097 4500
082 _a624.17 KHA
100 _aMansoor Khalid, Maj
245 _aShear Optimization of Prestressed Bridge Girders [MS Thesis] /
_cMansoor Khalid, Maj
260 _aRisalpur :
_bNational Institute of Transportation,
_c2001
300 _aix, 217p. :
_bill. ;
_c30 cm
_eCD
650 _aStructural Engineering
999 _c1993
_d1993